00285nam a22000977a 4500008004100000082001600041100000800057245010400065260000900169300000900178230703b xxu||||| |||| 00| 0 eng d a350.67bY2K cGOK aY2K Report of the National Year 2000 Steering Committee OnbKenya's Management of the Y2K Challenge c2000 a131p